| 000 | 00580nam a2200193Ia 4500 | ||
|---|---|---|---|
| 003 | BUBTL | ||
| 008 | 151213s9999 xx 000 0 und d | ||
| 082 | _a340/ Ag15h/ 2003 | ||
| 100 |
_aAgarwala, R. K. _94509 |
||
| 245 |
_aHindu Law : codified and uncodified / _cR. K. Agarwala, Dr. S. K. Singh and T. N. Sapru |
||
| 250 | _a21st ed. | ||
| 260 |
_aAllahabad _b Central Law Agency _cc2003 |
||
| 300 |
_a[xxxvi], 409p. : _b21cm |
||
| 650 | _aLaw | ||
| 700 |
_aR.K.Agarwala _94510 |
||
| 856 |
_k0 _l0 _yDownload |
||
| 942 |
_2ddc _cBK |
||
| 999 |
_c1554 _d1554 |
||